| 000 | 00765nam a22002177a 4500 | ||
|---|---|---|---|
| 999 |
_c15332 _d15332 |
||
| 003 | AR-CdUCM | ||
| 008 | 190304b ||||| |||| 00| 0 spa d | ||
| 040 |
_aMUNICIPALIDAD PROVINCIAL DEL CUSCO _cBIBLIOTECA MUNICIPAL DEL CUSCO |
||
| 082 |
_aC / 320.261 / _bI99 |
||
| 110 |
_aIzquierda Unida _98185 |
||
| 245 | _aPrograma de gobierno Municipal del Cusco 1987-1989 / | ||
| 260 |
_aLima : _bIU, _c1986. |
||
| 300 |
_a48 páginas ; _c21 cm. _bilustraciones, |
||
| 500 | _aantes del titulo, Izquierda unida, Región, futuro y vida. | ||
| 505 | _aContenido: El problema Nacional, Regional y local -- Orientaciones programáticas. | ||
| 650 |
_aIzquierda _91351 |
||
| 650 |
_aCusco _9772 |
||
| 650 |
_aGobierno Municipal _98186 |
||
| 942 |
_2ddc _cLIBROS |
||
| 945 | _awfj | ||